000 01256nam a22003737a 4500
003 CHAP
005 20220817044312.0
008 091123s2006 fr r 00010 eng d
010 _a97117
011 _a98089
020 _a9264022759
035 _a108769
040 _cCHAP
082 0 4 _a338.181
_bAg83
245 0 0 _aAgricultural policies in OECD countries :
_bat a glance 2006
_c/por Organización para la Cooperación y el Desarrollo Económicos
250 _a2 ed.
260 _aParis :
_bOCDE,
_c2006
300 _a78 p. :
_bgráfs., tablas
590 _aBATCH-UPD
_b10
_c20130110
_lUCH01
_h0921
590 _aBATCH-UPD
_b10
_c20130410
_lUCH01
_h0543
590 _aBATCH-UPD
_b10
_c20130913
_lUCH01
_h1936
590 _aCONVERSION
_b10
_c20130109
_lUCH01
_h1354
650 1 4 _aAdministración.
_9918
650 1 4 _aAgricultura y Estado.
_92035
650 1 4 _aDesarrollo económico.
650 1 4 _aOrganización.
_983533
650 1 4 _aProyectos de desarrollo.
_992528
650 1 4 _aProyectos
_xEvaluación.
_992525
710 0 _aOrganización para la Cooperación y el Desarrollo Económicos. París.
_983559
901 _aBK
911 _aen proceso
942 _cLIBRO
949 _a338.181 Ag83
_bBC
_cLIBRO
_d33724002125264
_eLIBRO
_h111325
_i108769
_sb
999 _c97117
_d97117